000 02330nam0a2200457 4500
001 RU\NLR\BIBL_A\016372088
005 20230804153836.0
010 _a978-5-4217-0638-0
_960
021 _aRU
_bКН-П-23-025852
_9КН-П-23-2572
035 _a(NLR Aleph) 016372088
035 _a(RuMoRGB)011740532
090 _a13185601
_c13185601
100 _a20230518d2022 k y0rusy50 ca
101 0 _arus
102 _aRU
105 _aach|z|||100zy
181 0 _ai
_baxxe
182 0 _an
200 1 _aVII Юговские чтения
_eматериалы Всероссийской научно-практической конференции, 23 марта 2022 г.
_fКурганская областная универсальная научная библиотека им. А. К. Югова
203 _aТекст
_bвизуальный
_cнепосредственный
210 _aКурган
_cИзд-во Курганского государственного университета
_d2022
215 _a353 с.
_cил., портр., факс., табл.
_d21
320 _aБиблиогр. в конце ст.
600 1 _aЮгов
_bА.К.
_f1902 - 1979
_gАлексей Кузьмич
_jСъезды, совещания и т.п
_91582185
_3RU\NLR\AUTH\66993612
606 _aКурганская область
_xКраеведение историческое
_2RuMoRGB
606 1 _aРусская филология
_jСъезды, совещания и т.п
_91533718
_3RU\NLR\AUTH\66969420
606 1 _aБиблиотечное дело
_jСъезды, совещания и т.п
_yКурганская область
_92323449
_3RU\NLR\AUTH\661389894
607 _aКурганская область
_jСъезды, совещания и т.п
_xИстория
_91437115
_3RU\NLR\AUTH\66607802
675 _a821.161.1.09(082)
_v4
686 1 _aШ5(2=Р)7-4Югов
686 1 _aШ041.12я431
686 1 _aЧ734(2Р-4Курс)7я431
686 1 _aЧ734(2Р-4Кур)я431
686 1 _aТ3(2Р-4Кур)я431
710 1 2 _aЮговские чтения
_d7
_eКурган
_f2022
_9849201
_3RU\NLR\AUTH\880591858
942 _cBOOK
980 _aNB